| 000 | 00394 a2200145 4500 | ||
|---|---|---|---|
| 005 | 20250626072801.0 | ||
| 020 | _a978-0-47095-748-6 | ||
| 082 | _a519.5 BLA. | ||
| 100 | _aBLACK, K. | ||
| 245 | _aProbability And Statistics For Business And Economics, | ||
| 250 | _a6th Ed | ||
| 260 |
_aNew York, _bWiley Plus, _c2000. |
||
| 300 |
_a537p.; Ill.; picture, table, _bIndex, _c27cm. |
||
| 942 |
_2ddc _cBKS |
||
| 999 |
_c5214 _d5214 |
||